Welcome to CU Library Online Public Access Catalogue (OPAC)

Clinically oriented anatomy / (Record no. 2208)

MARC details
000 -LEADER
fixed length control field 01099cam a22002774a 4500
001 - CONTROL NUMBER
control field 13807929
005 - DATE AND TIME OF LATEST TRANSACTION
control field 20241214114624.0
007 - PHYSICAL DESCRIPTION FIXED FIELD--GENERAL INFORMATION
fixed length control field co cgu--------
008 - FIXED-LENGTH DATA ELEMENTS--GENERAL INFORMATION
fixed length control field 041206s2006 paua b 001 0 eng
020 ## - INTERNATIONAL STANDARD BOOK NUMBER
International Standard Book Number 9780781736398
050 00 - LIBRARY OF CONGRESS CALL NUMBER
Classification number QM23.2
Item number .M67 2006
082 00 - DEWEY DECIMAL CLASSIFICATION NUMBER
Classification number 611
Edition information 22
100 1# - MAIN ENTRY--PERSONAL NAME
Personal name Moore, Keith L.
245 10 - TITLE STATEMENT
Title Clinically oriented anatomy /
Statement of responsibility, etc. Keith L. Moore, Arthur F. Dalley II ; in collaboration with, and with content provided by Anne M.R. Agur ; with the developmental assistance and dedication of Marion E. Moore.
250 ## - EDITION STATEMENT
Edition statement 5th ed.
260 ## - PUBLICATION, DISTRIBUTION, ETC.
Place of publication, distribution, etc. Philadelphia :
Name of publisher, distributor, etc. Lippincott Williams & Wilkins,
Date of publication, distribution, etc. c2006.
300 ## - PHYSICAL DESCRIPTION
Extent xxxiii, 1209 p. :
Other physical details ill. (chiefly col.) ;
Dimensions 28 cm. +
Accompanying material 2 CD-ROMs (4 3/4 in.)
650 #0 - SUBJECT ADDED ENTRY--TOPICAL TERM
Topical term or geographic name entry element Human anatomy.
650 #0 - SUBJECT ADDED ENTRY--TOPICAL TERM
Topical term or geographic name entry element Anatomy, Pathological.
650 12 - SUBJECT ADDED ENTRY--TOPICAL TERM
Topical term or geographic name entry element Anatomy.
700 1# - ADDED ENTRY--PERSONAL NAME
Personal name Dalley, Arthur F.
700 1# - ADDED ENTRY--PERSONAL NAME
Personal name Agur, A. M. R.
856 41 - ELECTRONIC LOCATION AND ACCESS
Materials specified Table of contents
Uniform Resource Identifier <a href="http://www.loc.gov/catdir/toc/ecip054/2004028886.html">http://www.loc.gov/catdir/toc/ecip054/2004028886.html</a>
856 42 - ELECTRONIC LOCATION AND ACCESS
Materials specified Publisher description
Uniform Resource Identifier <a href="http://www.loc.gov/catdir/enhancements/fy0712/2004028886-d.html">http://www.loc.gov/catdir/enhancements/fy0712/2004028886-d.html</a>
942 ## - ADDED ENTRY ELEMENTS (KOHA)
Source of classification or shelving scheme Library of Congress Classification
Koha item type Computer Files
Edition 5th ed.
Suppress in OPAC No
999 ## -
-- 2208
-- 2208
Holdings
Withdrawn status Lost status Source of classification or shelving scheme Damaged status Not for loan Collection Home library Current library Shelving location Date acquired Total checkouts Full call number Barcode Date last seen Copy number Price effective from Koha item type
    Library of Congress Classification     Non-fiction Science Library (Miotso) Science Library (Miotso) General stacks 12/14/2024   QM23.2 .M67 MOO SLM00001389 12/14/2024 1 12/14/2024 Books
    Library of Congress Classification     Non-fiction Science Library (Miotso) Science Library (Miotso) General stacks 12/14/2024   QM23.2 .M67 MOO SLM00001390 12/14/2024 2 12/14/2024 Books
    Library of Congress Classification     Non-fiction Science Library (Miotso) Science Library (Miotso) General stacks 12/14/2024   QM23.2 .M67 MOO SLM00001391 12/14/2024 3 12/14/2024 Books
    Library of Congress Classification     Non-fiction Science Library (Miotso) Science Library (Miotso) General stacks 12/14/2024   QM23.2 .M67 MOO SLM00001395 12/14/2024 4 12/14/2024 Books
    Library of Congress Classification     Non-fiction Science Library (Miotso) Science Library (Miotso) General stacks 12/14/2024   QM23.2 .M67 MOO SLM00001396 12/14/2024 5 12/14/2024 Books
© 2023-2024 Copyright: Central University Libraries. All Rights Reserved | Created by: Mahone Tech Office